ՀՀ Գիտությունների ազգային ակադեմիայի հիմնարար գիտական գրադարան  =   Fundamental Scientific Library of NAS RA

Очерки по истории комсомола Псковской области / (Record no. 436253)

MARC details
000 -LEADER
fixed length control field 00683nam a22001817a 4500
003 - CONTROL NUMBER IDENTIFIER
control field AM-YeHGA
040 ## - CATALOGING SOURCE
Original cataloging agency AM-YeHGA
090 ## - LOCALLY ASSIGNED LC-TYPE CALL NUMBER (OCLC); LOCAL CALL NUMBER (RLIN)
-- 438914
005 - DATE AND TIME OF LATEST TRANSACTION
control field 20250617155634.0
008 - FIXED-LENGTH DATA ELEMENTS--GENERAL INFORMATION
fixed length control field 190904s ||||| |||| 00| 0 rus d
041 0# - LANGUAGE CODE
Language code of text/sound track or separate title rus
245 00 - TITLE STATEMENT
Title Очерки по истории комсомола Псковской области /
Statement of responsibility, etc. Псковский обком комсомола
260 ## - PUBLICATION, DISTRIBUTION, ETC.
Place of publication, distribution, etc. Псков :
Name of publisher, distributor, etc. Псков : Газ. "Псковская правда",
Date of publication, distribution, etc. 1959
300 ## - PHYSICAL DESCRIPTION
Extent 127 с,
Other physical details ил.
653 0# - INDEX TERM--UNCONTROLLED
Uncontrolled term ВЛКСМ - История - Псковская организация
710 2# - ADDED ENTRY--CORPORATE NAME
Corporate name or jurisdiction name as entry element Псковский обком комсомола
942 ## - ADDED ENTRY ELEMENTS (KOHA)
Source of classification or shelving scheme Universal Decimal Classification
Koha item type Գրքեր / Books
Holdings
Withdrawn status Lost status Source of classification or shelving scheme Damaged status Not for loan Collection Home library Current library Date acquired Total checkouts Full call number Barcode Date last seen Price effective from Koha item type Public note
    Universal Decimal Classification     General Fundamental Scientific Library Fundamental Scientific Library 04/09/2019   PII/14192 FL0589439 04/09/2019 04/09/2019 Գրքեր / Books 30 Days Loan


ՀՀ ԳԱԱ հիմնարար գիտական գրադարան
ՀՀ,Երևան 0019
Մարշալ Բաղրամյան 24/6
հեռախոս:(374-10) 52-47-50
Հետադարձ կապ

All site content, except where otherwise noted, is licensed under a
Creative Commons License